| 000 | 00836nam a22001577a 4500 | ||
|---|---|---|---|
| 003 | JO-AjAnu | ||
| 005 | 20240327092438.0 | ||
| 008 | 240325b jo ||||| |||| 00| 0 ara d | ||
| 040 |
_aJO-AjAnu _cJO-AjAnu |
||
| 041 | _hara | ||
| 100 | 0 |
_aفريق عمل مشروع واقع اللغة العربية في الجامعات الأردنية _eاعداد _965145 |
|
| 245 | 0 |
_aواقع اللغة العربية في الجامعات الأردنية الرسمية والخاصة : جامعة مؤتة أنموذجا / _cاعداد فريق عمل مشروع واقع اللغة العربية في الجامعات الأردنية |
|
| 260 |
_aالأردن : _bاللجنة الوطنية الأردنية للنهوض باللغة العربية، _c2018 |
||
| 650 | 7 | _vاللغة العربية-متفرقات | |
| 942 |
_2lcc _cBK _n0 |
||
| 999 |
_c33357 _d33357 |
||